000 00524nam a2200181Ia 4500
005 20250508154902.0
008 008 250505s9999 xx 000 0 eng d
037 _aBooks to be hide in OPAC
040 _aFEDL
_beng
_cFEDL
041 _aeng
_2eng
084 _a132, NUN/O
_qFEDL
100 _aNunokawa Walter D
_9766311
245 0 _aHuman values and abnormal behavior
260 _aGlenview
_bScott, Foresman and Company
_c1965
300 _a168p.
942 _cHB
_h132, NUN/O
999 _c1352619
_d1352619